Social capital and local governance: exploring the institutional design variable (Record no. 50038)

000 -LEADER
fixed length control field 01173pab a2200181 454500
008 - FIXED-LENGTH DATA ELEMENTS--GENERAL INFORMATION
fixed length control field 180718b2001 xxu||||| |||| 00| 0 eng d
100 ## - MAIN ENTRY--PERSONAL NAME
Personal name Lowndes, Vivien
245 ## - TITLE STATEMENT
Title Social capital and local governance: exploring the institutional design variable
260 ## - PUBLICATION, DISTRIBUTION, ETC.
Date of publication, distribution, etc. 2001
300 ## - PHYSICAL DESCRIPTION
Extent p.629-47
362 ## - DATES OF PUBLICATION AND/OR SEQUENTIAL DESIGNATION
Dates of publication and/or sequential designation Sep
520 ## - SUMMARY, ETC.
Summary, etc. This article argues that Robert Putnam's social capital thesis is too society-centred and undervalues state agency and associated political factors. It explores the role of institutional design in explaining how governments can shape the development of social capital and its potential influence upon democratic performance. New Labour's programme of `democratic renewal' within British local government provides an excellent opportunity to assess the relevance of institutional design to arguments about social capital and democracy. We propose that prospects for the creation and mobilization of social capital may depend as much upon the process as the content of institutional design. - Reproduced
650 ## - SUBJECT ADDED ENTRY--TOPICAL TERM
Topical term or geographic name entry element Social capital
650 ## - SUBJECT ADDED ENTRY--TOPICAL TERM
Topical term or geographic name entry element Local government
700 ## - ADDED ENTRY--PERSONAL NAME
Personal name Wilson, David
773 ## - HOST ITEM ENTRY
Main entry heading Political Studies
909 ## -
-- 50038
Holdings
Withdrawn status Lost status Damaged status Not for loan Permanent Location Current Location Date acquired Serial Enumeration / chronology Barcode Date last seen Price effective from Koha item type
        Indian Institute of Public Administration Indian Institute of Public Administration 2018-07-19 Volume no: 49, Issue no: 4 AR50466 2018-07-19 2018-07-19 Articles

Powered by Koha